[Event "DVM U20w 2022"]
[Site "Münster GER"]
[Date "2022.12.30"]
[Round "7"]
[White "Mönster, Madita"]
[Black "Kalina, Lena"]
[Result "1-0"]
[Termination "normal"]
[Board "3.1"]
[WhiteElo "1916"]
[BlackElo "1842"]
[WhiteClock "00:05:06"]
[BlackClock "00:01:23"]
[WhiteTeam "SK Nordhorn-Blanke"]
[BlackTeam "SC Landskrone"]
[PlyCount "151"]
[WhiteFideId "12947156"]
[BlackFideId "12988014"]
[EventCountry "GER"]
[EventRounds "7"]
[EventType "team-swiss"]
[EventDate "2022.12.26"]

1. e4 {[%clk 01:30:57]} {[%emt 00:00:02]} c5 {[%clk 01:30:54]} {[%emt
00:00:07]} 2. Nc3 {[%clk 01:31:21]} {[%emt 00:00:05]} Nc6 {[%clk 01:30:48]}
{[%emt 00:00:36]} 3. Nf3 {[%clk 01:31:46]} {[%emt 00:00:05]} g6 {[%clk
01:31:05]} {[%emt 00:00:13]} 4. d4 {[%clk 01:32:11]} {[%emt 00:00:05]} cxd4
{[%clk 01:31:29]} {[%emt 00:00:06]} 5. Nxd4 {[%clk 01:32:37]} {[%emt 00:00:04]}
Bg7 {[%clk 01:31:50]} {[%emt 00:00:09]} 6. Be3 {[%clk 01:32:59]} {[%emt
00:00:08]} Nf6 {[%clk 01:32:07]} {[%emt 00:00:13]} 7. Bc4 {[%clk 01:33:23]}
{[%emt 00:00:06]} Qa5 {[%clk 01:31:51]} {[%emt 00:00:46]} 8. O-O {[%clk
01:33:40]} {[%emt 00:00:12]} O-O {[%clk 01:32:13]} {[%emt 00:00:09]} 9. Bb3
{[%clk 01:33:03]} {[%emt 00:01:08]} d6 {[%clk 01:31:30]} {[%emt 00:01:13]} 10.
h3 {[%clk 01:33:02]} {[%emt 00:00:31]} Bd7 {[%clk 01:29:55]} {[%emt 00:02:05]}
11. Re1 {[%clk 01:31:59]} {[%emt 00:01:33]} Rfe8 {[%clk 01:22:15]} {[%emt
00:08:11]} 12. Nf3 {[%clk 01:31:58]} {[%emt 00:00:30]} Ne5 {[%clk 01:18:41]}
{[%emt 00:04:03]} 13. Bd4 {[%clk 01:20:24]} {[%emt 00:12:04]} Bc6 {[%clk
01:08:41]} {[%emt 00:10:29]} 14. Bxe5 {[%clk 01:13:12]} {[%emt 00:07:42]} dxe5
{[%clk 01:08:20]} {[%emt 00:00:52]} 15. Qe2 {[%clk 01:13:21]} {[%emt 00:00:20]}
Nd7 {[%clk 01:00:28]} {[%emt 00:08:22]} 16. Rad1 {[%clk 01:09:21]} {[%emt
00:04:31]} Nc5 {[%clk 00:52:43]} {[%emt 00:08:15]} 17. Bxf7 {[%clk 01:04:54]}
{[%emt 00:04:57]} Kxf7 {[%clk 00:50:32]} {[%emt 00:02:42]} 18. Ng5 {[%clk
00:58:51]} {[%emt 00:06:33]} Kg8 {[%clk 00:46:30]} {[%emt 00:04:31]} 19. Qc4
{[%clk 00:58:16]} {[%emt 00:01:05]} e6 {[%clk 00:46:07]} {[%emt 00:00:54]} 20.
b4 {[%clk 00:58:10]} {[%emt 00:00:36]} Qc7 {[%clk 00:43:33]} {[%emt 00:18:36]}
21. Qxc5 {[%clk 00:55:51]} Bf8 {[%clk 00:41:02]} 22. Qe3 {[%clk 00:42:55]}
{[%emt 00:03:41]} Bxb4 {[%clk 00:39:10]} {[%emt 00:02:23]} 23. Rd3 {[%clk
00:42:46]} {[%emt 00:00:38]} Qe7 {[%clk 00:34:20]} {[%emt 00:05:20]} 24. Qg3
{[%clk 00:36:29]} {[%emt 00:06:47]} Rad8 {[%clk 00:29:16]} {[%emt 00:05:34]}
25. h4 {[%clk 00:28:34]} {[%emt 00:08:25]} Rxd3 {[%clk 00:20:46]} {[%emt
00:09:01]} 26. Qxd3 {[%clk 00:28:43]} {[%emt 00:00:21]} Qc5 {[%clk 00:16:45]}
{[%emt 00:04:31]} 27. Re3 {[%clk 00:28:25]} {[%emt 00:00:48]} Qxc3 {[%clk
00:12:31]} {[%emt 00:04:44]} 28. Qxc3 {[%clk 00:28:49]} {[%emt 00:00:05]} Bxc3
{[%clk 00:12:57]} {[%emt 00:00:04]} 29. Rxc3 {[%clk 00:29:14]} {[%emt
00:00:05]} Re7 {[%clk 00:10:47]} {[%emt 00:02:41]} 30. Rc5 {[%clk 00:18:07]}
{[%emt 00:11:37]} h6 {[%clk 00:09:32]} {[%emt 00:01:45]} 31. Nf3 {[%clk
00:18:28]} {[%emt 00:00:09]} Bxe4 {[%clk 00:08:39]} {[%emt 00:01:24]} 32. Nxe5
{[%clk 00:18:48]} {[%emt 00:00:10]} Kg7 {[%clk 00:08:29]} {[%emt 00:00:39]} 33.
f3 {[%clk 00:18:34]} {[%emt 00:00:44]} Bc6 {[%clk 00:06:49]} {[%emt 00:02:10]}
34. Nxc6 {[%clk 00:17:56]} {[%emt 00:01:08]} bxc6 {[%clk 00:05:57]} {[%emt
00:01:23]} 35. Rxc6 {[%clk 00:18:20]} {[%emt 00:00:05]} Kf6 {[%clk 00:04:20]}
{[%emt 00:02:07]} 36. Kf2 {[%clk 00:17:45]} {[%emt 00:01:05]} Rb7 {[%clk
00:03:43]} {[%emt 00:01:07]} 37. Rc4 {[%clk 00:12:17]} {[%emt 00:05:57]} Rb5
{[%clk 00:01:50]} {[%emt 00:02:23]} 38. Ke3 {[%clk 00:07:42]} {[%emt 00:05:05]}
Ra5 {[%clk 00:01:26]} {[%emt 00:00:55]} 39. a4 {[%clk 00:07:59]} {[%emt
00:00:13]} Ke5 {[%clk 00:01:01]} {[%emt 00:00:54]} 40. c3 {[%clk 00:01:31]}
{[%emt 00:06:57]} g5 {[%clk 00:00:52]} {[%emt 00:00:40]} 41. hxg5 {[%clk
00:30:09]} {[%emt 00:01:52]} hxg5 {[%clk 00:30:37]} {[%emt 00:00:45]} 42. Rb4
{[%clk 00:29:27]} {[%emt 00:01:12]} Kf6 {[%clk 00:28:00]} {[%emt 00:03:07]} 43.
Kd3 {[%clk 00:27:07]} {[%emt 00:02:50]} Ke7 {[%clk 00:20:20]} {[%emt 00:08:10]}
44. Kc4 {[%clk 00:25:37]} {[%emt 00:02:01]} Kd6 {[%clk 00:15:32]} {[%emt
00:05:17]} 45. Kb3 {[%clk 00:24:40]} {[%emt 00:01:27]} Kc6 {[%clk 00:13:39]}
{[%emt 00:02:23]} 46. Re4 {[%clk 00:21:00]} {[%emt 00:04:11]} Kd6 {[%clk
00:13:12]} {[%emt 00:00:57]} 47. Kb4 {[%clk 00:18:49]} {[%emt 00:02:41]} Rf5
{[%clk 00:12:36]} {[%emt 00:01:06]} 48. a5 {[%clk 00:16:01]} {[%emt 00:03:19]}
Rf8 {[%clk 00:10:52]} {[%emt 00:02:13]} 49. Rd4 {[%clk 00:15:33]} {[%emt
00:00:59]} Kc6 {[%clk 00:10:49]} {[%emt 00:00:33]} 50. Rg4 {[%clk 00:10:10]}
{[%emt 00:05:53]} Rf5 {[%clk 00:08:11]} {[%emt 00:03:08]} 51. c4 {[%clk
00:10:06]} {[%emt 00:00:33]} a6 {[%clk 00:06:07]} {[%emt 00:02:34]} 52. Re4
{[%clk 00:08:55]} {[%emt 00:01:40]} Kd6 {[%clk 00:05:36]} {[%emt 00:01:02]} 53.
c5 {[%clk 00:08:15]} {[%emt 00:01:11]} Kd5 {[%clk 00:05:13]} {[%emt 00:00:52]}
54. c6 {[%clk 00:04:16]} {[%emt 00:04:29]} Kxc6 {[%clk 00:05:14]} {[%emt
00:00:29]} 55. Rxe6 {[%clk 00:04:41]} {[%emt 00:00:05]} Kb7 {[%clk 00:05:36]}
{[%emt 00:00:08]} 56. Rb6 {[%clk 00:04:47]} {[%emt 00:00:25]} Ka7 {[%clk
00:05:29]} {[%emt 00:00:37]} 57. Rc6 {[%clk 00:04:57]} {[%emt 00:00:19]} Kb7
{[%clk 00:05:20]} {[%emt 00:00:39]} 58. Rc5 {[%clk 00:05:07]} {[%emt 00:00:20]}
Rf4 {[%clk 00:04:49]} {[%emt 00:01:01]} 59. Kb3 {[%clk 00:05:03]} {[%emt
00:00:35]} g4 {[%clk 00:03:48]} {[%emt 00:01:31]} 60. Rc4 {[%clk 00:05:09]}
{[%emt 00:00:24]} Rf5 {[%clk 00:04:09]} {[%emt 00:00:09]} 61. Rxg4 {[%clk
00:05:27]} {[%emt 00:00:12]} Rxa5 {[%clk 00:04:30]} {[%emt 00:00:09]} 62. Rc4
{[%clk 00:05:35]} {[%emt 00:00:21]} Rh5 {[%clk 00:03:24]} {[%emt 00:01:36]} 63.
f4 {[%clk 00:05:29]} {[%emt 00:00:36]} Rh1 {[%clk 00:03:03]} {[%emt 00:00:51]}
64. g4 {[%clk 00:05:32]} {[%emt 00:00:27]} Rg1 {[%clk 00:02:10]} {[%emt
00:01:23]} 65. f5 {[%clk 00:05:51]} {[%emt 00:00:11]} Rf1 {[%clk 00:02:12]}
{[%emt 00:00:27]} 66. Kb4 {[%clk 00:05:57]} {[%emt 00:00:25]} Kb6 {[%clk
00:02:27]} {[%emt 00:00:15]} 67. Re4 {[%clk 00:06:09]} {[%emt 00:00:18]} a5
{[%clk 00:02:03]} {[%emt 00:00:54]} 68. Kc4 {[%clk 00:06:03]} {[%emt 00:00:36]}
Rc1 {[%clk 00:01:05]} {[%emt 00:01:27]} 69. Kd5 {[%clk 00:06:07]} {[%emt
00:00:26]} Kb5 {[%clk 00:01:04]} {[%emt 00:00:32]} 70. f6 {[%clk 00:04:39]}
{[%emt 00:01:57]} Rf1 {[%clk 00:01:01]} {[%emt 00:00:33]} 71. Ke6 {[%clk
00:04:47]} {[%emt 00:00:23]} a4 {[%clk 00:01:21]} {[%emt 00:00:10]} 72. f7
{[%clk 00:04:25]} {[%emt 00:00:52]} a3 {[%clk 00:01:34]} {[%emt 00:00:18]} 73.
Re2 {[%clk 00:04:41]} {[%emt 00:00:13]} a2 {[%clk 00:00:37]} {[%emt 00:01:27]}
74. Rxa2 {[%clk 00:05:02]} {[%emt 00:00:10]} Re1 {[%clk 00:01:02]} {[%emt
00:00:05]} 75. Kf6 {[%clk 00:05:06]} {[%emt 00:00:26]} Rf1 {[%clk 00:01:23]}
{[%emt 00:00:08]} 76. Kg7 {[%clk 00:05:06]} {[%emt 00:00:30]} 1-0

[Event "DVM U20w 2022"]
[Site "Münster GER"]
[Date "2022.12.30"]
[Round "7"]
[White "Gröschel, Karoline"]
[Black "Brunner, Sophia"]
[Result "1/2-1/2"]
[Termination "normal"]
[Board "3.2"]
[WhiteElo "1709"]
[BlackElo "1832"]
[WhiteClock "01:31:15"]
[BlackClock "01:30:29"]
[WhiteTeam "SC Landskrone"]
[BlackTeam "SK Nordhorn-Blanke"]
[PlyCount "71"]
[WhiteFideId "34610537"]
[BlackFideId "12960683"]
[EventCountry "GER"]
[EventRounds "7"]
[EventType "team-swiss"]
[EventDate "2022.12.26"]

1. e4 {[%clk 01:30:58]} {[%emt 00:00:01]} Nc6 {[%clk 01:30:55]} 2. Nf3 {[%clk
01:31:15]} {[%emt 00:00:19]} d5 {[%clk 01:30:29]} 3. exd5 {[%clk 01:31:15]}
Qxd5 {[%clk 01:30:29]} 4. Nc3 {[%clk 01:31:15]} Qh5 {[%clk 01:30:29]} 5. Nb5
{[%clk 01:31:15]} Kd8 {[%clk 01:30:29]} 6. h3 {[%clk 01:31:15]} a6 {[%clk
01:30:29]} 7. Nc3 {[%clk 01:31:15]} e5 {[%clk 01:30:29]} 8. d4 {[%clk
01:31:15]} Bc5 {[%clk 01:30:29]} 9. Ne4 {[%clk 01:31:15]} Bb6 {[%clk 01:30:29]}
10. Be2 {[%clk 01:31:15]} Qg6 {[%clk 01:30:29]} 11. Nh4 {[%clk 01:31:15]} Qe6
{[%clk 01:30:29]} 12. Bg4 {[%clk 01:31:15]} Qe7 {[%clk 01:30:29]} 13. Bxc8
{[%clk 01:31:15]} Rxc8 {[%clk 01:30:29]} 14. O-O {[%clk 01:31:15]} f6 {[%clk
01:30:29]} 15. Kh1 {[%clk 01:31:15]} g5 {[%clk 01:30:29]} 16. Nf5 {[%clk
01:31:15]} Qe6 {[%clk 01:30:29]} 17. Qf3 {[%clk 01:31:15]} h5 {[%clk 01:30:29]}
18. Ng7 {[%clk 01:31:15]} Qe7 {[%clk 01:30:29]} 19. Nxh5 {[%clk 01:31:15]} Nxd4
{[%clk 01:30:29]} 20. Qd1 {[%clk 01:31:15]} Ke8 {[%clk 01:30:29]} 21. Nhxf6
{[%clk 01:31:15]} Nxf6 {[%clk 01:30:29]} 22. Bxg5 {[%clk 01:31:15]} Rf8 {[%clk
01:30:29]} 23. Nxf6 {[%clk 01:31:15]} Rxf6 {[%clk 01:30:29]} 24. Qh5 {[%clk
01:31:15]} Kd7 {[%clk 01:30:29]} 25. Qh4 {[%clk 01:31:15]} Rcf8 {[%clk
01:30:29]} 26. c3 {[%clk 01:31:15]} Ne6 {[%clk 01:30:29]} 27. Bxf6 {[%clk
01:31:15]} Qxf6 {[%clk 01:30:29]} 28. Qxf6 {[%clk 01:31:15]} Rxf6 {[%clk
01:30:29]} 29. Rae1 {[%clk 01:31:15]} Kd6 {[%clk 01:30:29]} 30. g3 {[%clk
01:31:15]} Rxf2 {[%clk 01:30:29]} 31. Rb1 {[%clk 01:31:15]} Rd2 {[%clk
01:30:29]} 32. Rfd1 {[%clk 01:31:15]} Rf2 {[%clk 01:30:29]} 33. Rf1 {[%clk
01:31:15]} Rd2 {[%clk 01:30:29]} 34. Rfd1 {[%clk 01:31:15]} Rf2 {[%clk
01:30:29]} 35. Rf1 {[%clk 01:31:15]} Rd2 {[%clk 01:30:29]} 36. Rfd1 {[%clk
01:31:15]} 1/2-1/2

[Event "DVM U20w 2022"]
[Site "Münster GER"]
[Date "2022.12.30"]
[Round "7"]
[White "Müller, Riyanna"]
[Black "Wilmink, Anna"]
[Result "0-1"]
[Termination "normal"]
[Board "3.3"]
[WhiteElo "1619"]
[BlackElo "1725"]
[WhiteClock "00:33:24"]
[BlackClock "00:06:32"]
[WhiteTeam "SC Landskrone"]
[BlackTeam "SK Nordhorn-Blanke"]
[PlyCount "129"]
[WhiteFideId "16273680"]
[BlackFideId "16287401"]
[EventCountry "GER"]
[EventRounds "7"]
[EventType "team-swiss"]
[EventDate "2022.12.26"]

1. e4 {[%clk 01:30:58]} Nc6 {[%clk 01:30:53]} 2. Nf3 {[%clk 01:30:58]} d5 3.
exd5 {[%clk 01:30:58]} Qxd5 {[%clk 01:30:53]} 4. Ng1 {[%clk 01:31:24]} {[%emt
00:00:12]} Nb8 {[%clk 01:31:16]} {[%emt 00:00:07]} 5. Nc3 {[%clk 01:31:48]}
{[%emt 00:00:06]} Qd6 {[%clk 01:31:39]} {[%emt 00:00:07]} 6. d4 {[%clk
01:32:10]} {[%emt 00:00:08]} Nf6 {[%clk 01:31:56]} {[%emt 00:00:12]} 7. Bd3
{[%clk 01:32:25]} {[%emt 00:00:15]} Nc6 {[%clk 01:30:02]} {[%emt 00:02:25]} 8.
Be3 {[%clk 01:32:29]} {[%emt 00:00:26]} a6 {[%clk 01:24:42]} {[%emt 00:05:50]}
9. Ne4 {[%clk 01:24:41]} {[%emt 00:08:18]} Qb4 {[%clk 01:20:53]} {[%emt
00:04:19]} 10. c3 {[%clk 01:23:15]} {[%emt 00:01:56]} Qxb2 {[%clk 01:20:36]}
{[%emt 00:00:46]} 11. Ne2 {[%clk 01:21:43]} {[%emt 00:02:03]} Nd5 {[%clk
01:17:47]} {[%emt 00:03:18]} 12. Bd2 {[%clk 01:17:38]} {[%emt 00:04:35]} e5
{[%clk 01:14:22]} {[%emt 00:03:55]} 13. O-O {[%clk 00:53:43]} {[%emt 00:24:25]}
Bd7 {[%clk 01:08:50]} {[%emt 00:06:02]} 14. c4 {[%clk 00:43:45]} {[%emt
00:10:28]} Nf4 {[%clk 00:56:11]} {[%emt 00:13:09]} 15. Nxf4 {[%clk 00:42:09]}
{[%emt 00:02:06]} exf4 {[%clk 00:56:32]} {[%emt 00:00:09]} 16. d5 {[%clk
00:40:30]} {[%emt 00:19:30]} Nb4 {[%clk 00:54:29]} 17. Bxf4 {[%clk 00:32:46]}
Qd4 {[%clk 00:50:23]} 18. Re1 {[%clk 00:26:38]} {[%emt 00:04:37]} O-O-O {[%clk
00:49:46]} {[%emt 00:01:07]} 19. Bf1 {[%clk 00:25:33]} {[%emt 00:01:36]} Qxd1
{[%clk 00:49:11]} {[%emt 00:01:05]} 20. Rexd1 {[%clk 00:23:05]} {[%emt
00:02:58]} Bf5 {[%clk 00:29:28]} {[%emt 00:20:13]} 21. Ng3 {[%clk 00:18:16]}
{[%emt 00:05:18]} Bg6 {[%clk 00:29:09]} {[%emt 00:00:49]} 22. a3 {[%clk
00:17:06]} {[%emt 00:01:41]} Nc2 {[%clk 00:29:27]} {[%emt 00:00:11]} 23. Ra2
{[%clk 00:17:10]} {[%emt 00:00:27]} Bxa3 {[%clk 00:27:42]} {[%emt 00:02:16]}
24. Bd3 {[%clk 00:12:55]} {[%emt 00:04:44]} Nb4 {[%clk 00:21:06]} {[%emt
00:07:05]} 25. Rxa3 {[%clk 00:13:14]} {[%emt 00:00:12]} Nxd3 {[%clk 00:21:06]}
{[%emt 00:00:30]} 26. Raxd3 {[%clk 00:13:31]} {[%emt 00:00:12]} Bxd3 {[%clk
00:21:28]} {[%emt 00:00:08]} 27. Rxd3 {[%clk 00:13:56]} {[%emt 00:00:05]} Rhe8
{[%clk 00:21:50]} {[%emt 00:00:08]} 28. Be3 {[%clk 00:12:49]} {[%emt 00:01:37]}
b6 {[%clk 00:20:20]} {[%emt 00:02:01]} 29. Kf1 {[%clk 00:11:38]} {[%emt
00:01:41]} Kb7 {[%clk 00:20:30]} {[%emt 00:00:20]} 30. Nf5 {[%clk 00:10:30]}
{[%emt 00:01:37]} g6 {[%clk 00:19:42]} {[%emt 00:01:19]} 31. Nd4 {[%clk
00:10:01]} {[%emt 00:01:00]} a5 {[%clk 00:18:40]} {[%emt 00:01:32]} 32. Nc6
{[%clk 00:09:03]} {[%emt 00:01:28]} Ra8 {[%clk 00:18:11]} {[%emt 00:01:00]} 33.
g3 {[%clk 00:07:31]} {[%emt 00:02:02]} a4 {[%clk 00:17:38]} {[%emt 00:01:03]}
34. Ra3 {[%clk 00:06:32]} {[%emt 00:01:29]} Re4 {[%clk 00:16:00]} {[%emt
00:02:07]} 35. Bd4 {[%clk 00:05:46]} {[%emt 00:01:16]} f5 {[%clk 00:16:01]}
{[%emt 00:00:29]} 36. f3 {[%clk 00:05:21]} {[%emt 00:00:57]} Ree8 {[%clk
00:16:21]} {[%emt 00:00:09]} 37. Kf2 {[%clk 00:04:40]} {[%emt 00:01:11]} g5
{[%clk 00:16:22]} {[%emt 00:00:29]} 38. Bc3 {[%clk 00:03:13]} {[%emt 00:01:57]}
g4 {[%clk 00:15:10]} {[%emt 00:01:42]} 39. Bb4 {[%clk 00:03:03]} {[%emt
00:00:41]} gxf3 {[%clk 00:14:03]} {[%emt 00:01:37]} 40. Rxf3 {[%clk 00:02:22]}
{[%emt 00:01:10]} Re4 {[%clk 00:14:22]} {[%emt 00:00:11]} 41. c5 {[%clk
00:01:45]} {[%emt 00:01:08]} b5 {[%clk 00:13:33]} {[%emt 00:01:19]} 42. Ba3
{[%clk 00:01:23]} {[%emt 00:00:52]} Rc4 {[%clk 00:12:48]} {[%emt 00:01:13]} 43.
Kg2 {[%clk 00:26:56]} {[%emt 00:04:59]} Rc2 {[%clk 00:42:29]} {[%emt 00:00:49]}
44. Kh3 {[%clk 00:25:32]} {[%emt 00:01:54]} Rc4 {[%clk 00:40:55]} {[%emt
00:02:03]} 45. Bb4 {[%clk 00:23:08]} {[%emt 00:02:54]} Ra6 {[%clk 00:40:01]}
{[%emt 00:01:22]} 46. Na5 {[%clk 00:19:20]} {[%emt 00:04:21]} Rxa5 {[%clk
00:39:42]} {[%emt 00:00:49]} 47. Bxa5 {[%clk 00:19:31]} {[%emt 00:00:19]} Rxc5
{[%clk 00:39:29]} {[%emt 00:00:43]} 48. Rxf5 {[%clk 00:18:27]} {[%emt
00:01:34]} Ka6 {[%clk 00:36:50]} {[%emt 00:03:09]} 49. Bb4 {[%clk 00:17:39]}
{[%emt 00:01:18]} Rc4 {[%clk 00:37:06]} {[%emt 00:00:13]} 50. Rf4 {[%clk
00:14:59]} {[%emt 00:03:10]} Kb6 {[%clk 00:36:38]} {[%emt 00:00:58]} 51. Be7
{[%clk 00:08:58]} {[%emt 00:06:32]} Ka5 {[%clk 00:35:09]} {[%emt 00:01:58]} 52.
d6 {[%clk 00:07:38]} {[%emt 00:01:50]} cxd6 {[%clk 00:34:30]} {[%emt 00:01:09]}
53. Bxd6 {[%clk 00:07:54]} {[%emt 00:00:14]} Rxf4 {[%clk 00:32:49]} {[%emt
00:02:11]} 54. gxf4 {[%clk 00:08:08]} {[%emt 00:00:17]} b4 {[%clk 00:33:13]}
{[%emt 00:00:07]} 55. f5 {[%clk 00:08:05]} {[%emt 00:00:33]} a3 {[%clk
00:33:18]} {[%emt 00:00:25]} 56. f6 {[%clk 00:07:58]} {[%emt 00:00:37]} Ka4
{[%clk 00:33:05]} {[%emt 00:00:43]} 57. f7 {[%clk 00:08:04]} {[%emt 00:00:24]}
b3 {[%clk 00:33:10]} {[%emt 00:00:25]} 58. Bxa3 {[%clk 00:06:54]} {[%emt
00:01:40]} Kxa3 {[%clk 00:33:27]} {[%emt 00:00:13]} 59. f8=Q {[%clk 00:07:19]}
{[%emt 00:00:05]} Ka2 {[%clk 00:33:49]} {[%emt 00:00:08]} 60. Qf7 {[%clk
00:06:18]} {[%emt 00:01:31]} Kb2 {[%emt 00:00:52]} 61. Kg3 {[%clk 00:05:49]}
{[%emt 00:00:42]} h5 {[%clk 00:33:32]} {[%emt 00:00:41]} 62. Qxh5 {[%clk
00:05:50]} {[%emt 00:00:31]} Ka2 {[%clk 00:33:26]} {[%emt 00:00:36]} 63. Qb5
{[%clk 00:05:56]} {[%emt 00:00:24]} Ka1 {[%clk 00:33:24]} {[%emt 00:00:31]} 64.
h4 {[%clk 00:06:16]} {[%emt 00:00:10]} b2 {[%clk 00:33:24]} {[%emt 00:00:30]}
65. h5 {[%clk 00:06:32]} {[%emt 00:00:14]} 1-0

[Event "DVM U20w 2022"]
[Site "Münster GER"]
[Date "2022.12.30"]
[Round "7"]
[White "Hartmann, Hannah"]
[Black "Hallfarth, Luise"]
[Result "1-0"]
[Termination "normal"]
[Board "3.4"]
[WhiteElo "1296"]
[BlackElo "1469"]
[WhiteClock "01:16:52"]
[BlackClock "00:52:01"]
[WhiteTeam "SC Landskrone"]
[BlackTeam "SK Nordhorn-Blanke"]
[PlyCount "47"]
[WhiteFideId "16235274"]
[BlackFideId "16250222"]
[EventCountry "GER"]
[EventRounds "7"]
[EventType "team-swiss"]
[EventDate "2022.12.26"]

1. e4 {[%clk 01:30:58]} {[%emt 00:00:02]} e5 {[%clk 01:30:34]} {[%emt
00:00:26]} 2. Nf3 {[%clk 01:31:25]} {[%emt 00:00:04]} Nf6 {[%clk 01:30:49]}
{[%emt 00:00:14]} 3. Nc3 {[%clk 01:31:15]} {[%emt 00:00:40]} Bb4 {[%clk
01:31:08]} {[%emt 00:00:11]} 4. d3 {[%clk 01:31:15]} {[%emt 00:00:31]} d5
{[%clk 01:30:10]} {[%emt 00:01:26]} 5. Bd2 {[%clk 01:31:15]} {[%emt 00:00:31]}
d4 {[%clk 01:25:07]} {[%emt 00:05:33]} 6. Ne2 {[%clk 01:30:29]} {[%emt
00:01:16]} Bxd2 {[%clk 01:23:57]} {[%emt 00:01:40]} 7. Qxd2 {[%clk 01:30:53]}
{[%emt 00:00:07]} Nc6 {[%clk 01:23:59]} {[%emt 00:00:27]} 8. Qg5 {[%clk
01:28:54]} {[%emt 00:02:29]} O-O {[%clk 01:15:44]} {[%emt 00:08:44]} 9. Nxe5
{[%clk 01:27:56]} {[%emt 00:01:29]} h6 {[%clk 01:14:39]} {[%emt 00:01:35]} 10.
Nxc6 {[%clk 01:26:09]} {[%emt 00:02:18]} hxg5 {[%clk 01:14:15]} {[%emt
00:00:54]} 11. Nxd8 {[%clk 01:26:33]} {[%emt 00:00:06]} Rxd8 {[%clk 01:14:26]}
{[%emt 00:00:18]} 12. f3 {[%clk 01:24:51]} {[%emt 00:02:12]} Be6 {[%clk
01:13:12]} {[%emt 00:01:42]} 13. g4 {[%clk 01:22:39]} {[%emt 00:02:44]} Rd6
{[%clk 01:09:37]} {[%emt 00:04:04]} 14. Kd2 {[%clk 01:21:00]} {[%emt 00:02:10]}
Nd7 {[%clk 01:07:52]} {[%emt 00:02:15]} 15. Bg2 {[%clk 01:20:19]} {[%emt
00:01:12]} c5 {[%clk 01:06:26]} {[%emt 00:01:56]} 16. h4 {[%clk 01:19:30]}
{[%emt 00:01:19]} gxh4 {[%clk 01:04:06]} {[%emt 00:02:50]} 17. Rxh4 {[%clk
01:18:33]} {[%emt 00:01:27]} c4 {[%clk 01:03:40]} {[%emt 00:00:56]} 18. Rah1
{[%clk 01:17:54]} {[%emt 00:01:09]} c3 {[%clk 00:56:28]} {[%emt 00:07:41]} 19.
bxc3 {[%clk 01:18:08]} {[%emt 00:00:17]} dxc3 {[%clk 00:56:45]} {[%emt
00:00:13]} 20. Nxc3 {[%clk 01:18:33]} {[%emt 00:00:05]} Kf8 {[%clk 00:54:03]}
{[%emt 00:03:11]} 21. Rh8 {[%clk 01:17:58]} {[%emt 00:01:06]} Ke7 {[%clk
00:53:40]} {[%emt 00:00:53]} 22. Rxa8 {[%clk 01:18:18]} {[%emt 00:00:10]} Rb6
{[%clk 00:52:10]} {[%emt 00:01:59]} 23. Rxa7 {[%clk 01:17:42]} {[%emt
00:01:07]} Ne5 {[%clk 00:52:01]} {[%emt 00:00:39]} 24. Rb1 {[%clk 01:16:52]}
{[%emt 00:01:19]} 1-0

[Event "DVM U20w 2022"]
[Site "Münster GER"]
[Date "2022.12.30"]
[Round "7"]
[White "Basovskiy, Jana"]
[Black "Tabakh, Najat"]
[Result "1-0"]
[Termination "normal"]
[Board "4.1"]
[WhiteElo "1865"]
[BlackElo "1330"]
[WhiteClock "00:44:04"]
[BlackClock "01:03:34"]
[WhiteTeam "Karlsruher SF 1853 1"]
[BlackTeam "SV Bad Oldesloe"]
[PlyCount "43"]
[WhiteFideId "16208617"]
[BlackFideId "16209109"]
[EventCountry "GER"]
[EventRounds "7"]
[EventType "team-swiss"]
[EventDate "2022.12.26"]

1. e4 {[%clk 01:30:57]} {[%emt 00:00:03]} d5 {[%clk 01:30:40]} {[%emt
00:00:20]} 2. exd5 {[%clk 01:31:20]} {[%emt 00:00:06]} Qxd5 {[%clk 01:31:04]}
{[%emt 00:00:06]} 3. Nc3 {[%clk 01:31:44]} {[%emt 00:00:07]} Qd8 {[%clk
01:31:13]} {[%emt 00:00:20]} 4. d4 {[%clk 01:31:38]} {[%emt 00:00:35]} e6
{[%clk 01:30:37]} {[%emt 00:01:06]} 5. Nf3 {[%clk 01:31:00]} {[%emt 00:01:09]}
Ne7 {[%clk 01:30:24]} {[%emt 00:00:42]} 6. Bd3 {[%clk 01:24:09]} {[%emt
00:07:21]} Nbc6 {[%clk 01:29:49]} {[%emt 00:01:05]} 7. Be3 {[%clk 01:23:19]}
{[%emt 00:01:19]} Nd5 {[%clk 01:28:27]} {[%emt 00:01:52]} 8. O-O {[%clk
01:18:31]} {[%emt 00:05:19]} Nxc3 {[%clk 01:22:24]} {[%emt 00:06:34]} 9. bxc3
{[%clk 01:18:47]} {[%emt 00:00:14]} Bd6 {[%clk 01:22:15]} {[%emt 00:00:37]} 10.
Re1 {[%clk 01:17:03]} {[%emt 00:02:14]} O-O {[%clk 01:22:07]} {[%emt 00:00:39]}
11. Ng5 {[%clk 01:12:29]} {[%emt 00:05:04]} g6 {[%clk 01:18:49]} {[%emt
00:03:48]} 12. Ne4 {[%clk 01:01:22]} {[%emt 00:11:37]} b6 {[%clk 01:12:10]}
{[%emt 00:07:10]} 13. Bg5 {[%clk 01:01:00]} {[%emt 00:00:51]} Be7 {[%clk
01:11:46]} {[%emt 00:00:55]} 14. Bxe7 {[%clk 00:58:38]} {[%emt 00:02:52]} Nxe7
{[%clk 01:09:51]} {[%emt 00:02:24]} 15. Nf6 {[%clk 00:55:56]} {[%emt 00:03:08]}
Kh8 {[%clk 01:08:18]} {[%emt 00:02:08]} 16. Qf3 {[%clk 00:56:03]} {[%emt
00:00:23]} Nd5 {[%clk 01:06:59]} {[%emt 00:01:49]} 17. Nxd5 {[%clk 00:47:24]}
{[%emt 00:09:09]} Qxd5 {[%clk 01:06:03]} {[%emt 00:01:26]} 18. Be4 {[%clk
00:47:44]} {[%emt 00:00:09]} Qg5 {[%clk 01:04:42]} {[%emt 00:01:51]} 19. Bxa8
{[%clk 00:47:52]} {[%emt 00:00:23]} f5 {[%clk 01:04:32]} {[%emt 00:00:39]} 20.
Qg3 {[%clk 00:47:07]} {[%emt 00:01:14]} Qf6 {[%clk 01:04:00]} {[%emt 00:01:03]}
21. Qxc7 {[%clk 00:45:53]} {[%emt 00:01:46]} Ba6 {[%clk 01:03:34]} {[%emt
00:00:55]} 22. Qxa7 {[%clk 00:44:04]} {[%emt 00:02:19]} 1-0